Samaveda samhita ; Agneya Parva or Kanda. (Record no. 61304)

MARC details
000 -LEADER
fixed length control field 00810cam a22002171i 4500
001 - CONTROL NUMBER
control field sa 64009194
003 - CONTROL NUMBER IDENTIFIER
control field DLC
005 - DATE AND TIME OF LATEST TRANSACTION
control field 20260227112100.0
008 - FIXED-LENGTH DATA ELEMENTS--GENERAL INFORMATION
fixed length control field 820714s1963 ii 000 0 eng
010 ## - LIBRARY OF CONGRESS CONTROL NUMBER
LC control number sa 64009194
025 ## - OVERSEAS ACQUISITION NUMBER
Overseas acquisition number PL480:I-E-3251
035 ## - SYSTEM CONTROL NUMBER
System control number (OCoLC)8601082
040 ## - CATALOGING SOURCE
Original cataloging agency DLC
Transcribing agency KWS
Modifying agency NSyU
-- DLC
042 ## - AUTHENTICATION CODE
Authentication code premarc
050 00 - LIBRARY OF CONGRESS CALL NUMBER
Classification number PK3106.A2
Item number E5 1963
130 0# - MAIN ENTRY--UNIFORM TITLE
Uniform title Vedas.
Name of part/section of a work Sāmaveda.
Form subheading Selections.
245 10 - TITLE STATEMENT
Title Samaveda samhita ; Agneya Parva or Kanda.
Statement of responsibility, etc. With text and references in Sanskrit script and expository English translation, charts and a short article on Agni, by Bibhor Kumar Lahiri.
260 ## - PUBLICATION, DISTRIBUTION, ETC.
Place of publication, distribution, etc. Calcutta [Bibhor Kumar Lahiri] ; sole distributors: Firma K. L. Mukhopadhyay,
Date of publication, distribution, etc. 1963.
300 ## - PHYSICAL DESCRIPTION
Extent ii, ii, 6, 20, 55 p. :
Other physical details ill. ;
Dimensions 22 cm.
700 1# - ADDED ENTRY--PERSONAL NAME
Personal name Lahiri, Bibhor Kumar,
Relator term ed.

No items available.

Powered by Koha